000 02085nam0a2200397 4500
001 RU\NLR\BIBL_A\022646178
005 20260517042509.0
010 _a978-5-6051638-0-0
_91000
021 _aRU
_bКН-П-25-051628
_9КН-П-25-4995
035 _a(NLR Aleph) 022646178
090 _a13704131
_c13704131
100 _a20251017d2025 u y0rusy50 ca
101 0 _arus
102 _aRU
105 _aach z 000yy
181 0 _ai3
_baxxe
181 0 _ab2
_bxb2e
182 0 _an
182 0 _an
200 1 _aПомним. Из архива Музея Мосэнерго, 1941–1945
_e[сборник материалов]
_fпод общей редакцией Е. В. Лушпаевой
203 _aТекст
_aИзображение
_bвизуальные
_cнепосредственные
210 _aМосква
_c[б. и.]
_d2025
_gотпечатано в ООО "Типография"
215 _a235 с.
_cил., портр., факс.
_d27
320 _aБиблиогр. в подстроч. примеч.
601 0 2 _a"Мосэнерго", акционерное общество
_bМузей
_jДокументы и материалы
_jСборники
_xИстория
_92708647
_3RU\NLR\AUTH\6601770387
606 1 _aЭнергетики
_jДокументы и материалы
_jСборники
_xУчастие в Великой Отечественной войне
_z1941 - 1945
_92690930
_3RU\NLR\AUTH\6601764120
606 1 _aВеликая Отечественная война
_jДокументы и материалы
_jСборники
_xЛюдские потери
_yМосква, город
_z1941 - 1945
_92180717
_3RU\NLR\AUTH\661311420
686 1 _aЦ35(2)722-424,013я43
686 1 _aУ30(2)571.110.92(2Р-4Мо)л6я43
702 1 _aЛушпаева
_bЕ. В.
_gЕлена Владимировна
_4340
712 0 2 _4570
_a"Мосэнерго", акционерное общество
_bМузей
_9853767
_3RU\NLR\AUTH\880594095
942 _cBOOK
980 _aNB